[Event "Africa-ch U16"]
[Site "Cairo"]
[Date "2017.12.05"]
[Round "4.3"]
[White "Abdallah Hussein, Mohamed"]
[Black "Amin, Khaled Mohamed"]
[Result "0-1"]
[WhiteElo "1440"]
[BlackElo "1930"]
[PlyCount "54"]
[EventDate "2017.12.03"]
[EventType "swiss"]
[EventRounds "9"]
[EventCountry "EGY"]
[SourceTitle "EXT 2024"]
[Source "ChessBase"]
[SourceDate "2023.10.10"]
[SourceVersion "1"]
[SourceVersionDate "2023.10.10"]
[SourceQuality "1"]

1. e4 e5 2. Nf3 Nc6 3. Bc4 Bc5 4. c3 d6 5. d4 exd4 6. cxd4 Bb4+ 7. Bd2 Bxd2+ 8. Nbxd2 Nf6 9. 0-0 0-0 10. Re1 d5 11. exd5 Nxd5 12. Nb3 Bg4 13. a3 Nb6 14. Bd3 Qf6 15. Be4 Rad8 16. Bxc6 Qxc6 17. Rc1 Qd6 18. h3 Bh5 19. g4 Bg6 20. Nc5 Rb8 21. h4 Qf4 22. Ne5 Rbd8 23. h5 Rxd4 24. Qf3 Qxf3 25. Nxf3 Rxg4+ 26. Kh2 Bxh5 27. Re5 g6 0-1

[Event "Africa-ch U16"]
[Site "Cairo"]
[Date "2017.12.03"]
[Round "1.7"]
[White "Abdallah Hussein, Mohamed"]
[Black "Hany, John"]
[Result "1-0"]
[WhiteElo "1440"]
[BlackElo "1874"]
[PlyCount "95"]
[EventDate "2017.12.03"]
[EventType "swiss"]
[EventRounds "9"]
[EventCountry "EGY"]
[SourceTitle "EXT 2024"]
[Source "ChessBase"]
[SourceDate "2023.10.10"]
[SourceVersion "1"]
[SourceVersionDate "2023.10.10"]
[SourceQuality "1"]

1. e4 c6 2. d4 d5 3. e5 Bf5 4. Nf3 e6 5. Be2 Nd7 6. 0-0 Ne7 7. c4 dxc4 8. Bxc4 Nb6 9. Bd3 Bg4 10. Nbd2 Ng6 11. Nb3 Be7 12. h3 Bxf3 13. Qxf3 a5 14. Nd2 Qxd4 15. Bxg6 hxg6 16. Re1 a4 17. Nf1 Nc4 18. Qe2 Rh5 19. Rd1 Qc5 20. Bf4 Nxe5 21. Rac1 Qa5 22. g4 Rg5 23. Bxg5 Bxg5 24. Ne3 Qc7 25. Rc2 Ke7 26. Nc4 Nd7 27. Rf1 Rh8 28. Qf3 b5 29. Ne3 Ne5 30. Qg3 Bh4 31. Qg2 Qb6 32. Re2 Qd4 33. f4 Nd3 34. Qxc6 Nc5 35. Qc7+ Ke8 36. Qc8+ Bd8 37. Rd1 Nd3 38. Qc6+ Kf8 39. Qxb5 Nxf4 40. Rxd4 Nxe2+ 41. Kg2 Nxd4 42. Qc5+ Ke8 43. Qxd4 Bg5 44. Qxa4+ Ke7 45. Qb4+ Kf6 46. Qc3+ Ke7 47. a4 Rb8 48. Qc7+ 1-0